[Event "46th Bosna it"]
[Site "Sarajevo BIH"]
[Date "2016.05.31"]
[Round "5.61"]
[White "Lipovcic, Marko"]
[Black "Pleh, Semir"]
[Result "1-0"]
[WhiteElo "1281"]
[BlackElo "1715"]
[EventDate "2016.05.28"]
[PlyCount "101"]

1.e4 c5 2.Nf3 Nc6 3.d4 cxd4 4.Nxd4 Nf6 5.Nc3 e5 6.Nb3 Bb4 7.Bd3 d5 8.exd5 
Nxd5 9.Bd2 Bxc3 10.bxc3 O-O 11.O-O b6 12.Re1 Qf6 13.Bb5 Bb7 14.c4 Nc7 15.
Bc3 Rad8 16.Qg4 Nd4 17.Nxd4 exd4 18.Bb4 Ne6 19.Bxf8 Kxf8 20.f3 g6 21.Qg3 
Nf4 22.Rad1 h5 23.Qf2 h4 24.Rd2 h3 25.g3 Ng2 26.Red1 Ne3 27.Re1 Bxf3 28.
Rxe3 dxe3 29.Rxd8+ Qxd8 30.Qxf3 Qd2 31.c5 bxc5 32.Qf1 Qxc2 33.Qxh3 Qf2+ 
34.Kh1 e2 35.Qh8+ Ke7 36.Qe5+ Kf8 37.Qxe2 Qd4 38.a4 a6 39.Bc6 c4 40.Qc2 c3
41.Be4 Qe3 42.Kg2 f5 43.Bd3 a5 44.Qxc3 Qb6 45.Qh8+ Ke7 46.Qg7+ Kd8 47.Qf8+
Kc7 48.Qe7+ Kc8 49.Bb5 Qd4 50.Ba6+ Kb8 51.Qb7# 1-0

[Event "46th Bosna it"]
[Site "Sarajevo BIH"]
[Date "2016.05.31"]
[Round "5.62"]
[White "Hamzic, Adil"]
[Black "Sabanagic, Mirza"]
[Result "1/2-1/2"]
[WhiteElo "1780"]
[BlackElo "1612"]
[EventDate "2016.05.28"]
[PlyCount "21"]

1.e4 c5 2.Nf3 Nc6 3.Bb5 Nf6 4.O-O Nxe4 5.d4 Nd6 6.Bxc6 dxc6 7.dxc5 Nf5 8.
Qxd8+ Kxd8 9.Bf4 Be6 10.Rd1+ Ke8 11.Nc3 1/2-1/2

[Event "46th Bosna it"]
[Site "Sarajevo BIH"]
[Date "2016.05.31"]
[Round "5.63"]
[White "Sinik, Yagmur"]
[Black "Fejzic, Danis"]
[Result "1-0"]
[WhiteElo "1394"]
[BlackElo "1373"]
[EventDate "2016.05.28"]
[PlyCount "49"]

1.e4 c5 2.Nf3 d6 3.d4 cxd4 4.Nxd4 Nf6 5.Nc3 g6 6.Be3 Bg7 7.f3 O-O 8.Bc4 
Nc6 9.Qd2 Nxd4 10.Bxd4 a6 11.O-O-O b5 12.Bb3 b4 13.Ne2 a5 14.Kb1 Bd7 15.h4
a4 16.Bc4 Qa5 17.g4 h5 18.gxh5 Nxh5 19.Bxg7 Kxg7 20.Qd4+ Kg8 21.Rhg1 Bb5 
22.Rxg6+ Kh7 23.Rg5 e5 24.Rxh5+ Kg6 25.Qg1+ 1-0

[Event "46th Bosna it"]
[Site "Sarajevo BIH"]
[Date "2016.05.31"]
[Round "6.13"]
[White "Bryn, Askild"]
[Black "Nestorovic, Dejan"]
[Result "0-1"]
[WhiteElo "1993"]
[BlackElo "2387"]
[EventDate "2016.05.28"]
[PlyCount "76"]

1.e4 c5 2.Nf3 e6 3.g3 Nc6 4.Bg2 d6 5.O-O Nf6 6.Qe2 Be7 7.Rd1 O-O 8.d4 cxd4
9.Nxd4 Qc7 10.Nb5 Qb8 11.c4 a6 12.N5c3 Qc7 13.b3 b6 14.Bb2 Bb7 15.Na3 Ne5 
16.h3 h5 17.Nc2 Ng6 18.h4 Ne5 19.Ne3 Rac8 20.Rac1 Qb8 21.f4 Ned7 22.f5 Nc5
23.Nf1 Qa8 24.b4 Ncxe4 25.Nxe4 Nxe4 26.Bxe4 Bxe4 27.f6 gxf6 28.Qxh5 Bg6 
29.Qh6 Qf3 30.g4 Qxg4+ 31.Kf2 Qf5+ 32.Kg1 d5 33.Ng3 Qg4 34.Kh2 Bd6 35.Rg1 
Bf4 36.Qxf4 Qxf4 37.h5 Rxc4 38.Rxc4 dxc4 0-1

[Event "46th Bosna it"]
[Site "Sarajevo BIH"]
[Date "2016.05.31"]
[Round "6.14"]
[White "Burovic, Rijad"]
[Black "Zlobec, Srdjan"]
[Result "1-0"]
[WhiteElo "2347"]
[BlackElo "2062"]
[EventDate "2016.05.28"]
[PlyCount "76"]

1.e4 c5 2.d3 d6 3.f4 g6 4.Nf3 Bg7 5.h3 Nc6 6.g4 e6 7.Bg2 Nge7 8.O-O O-O 9.
c3 Rb8 10.Be3 b6 11.Bf2 Bb7 12.Na3 d5 13.e5 Qd7 14.Bh4 f6 15.exf6 Bxf6 16.
Bg3 Rbe8 17.Qe2 Nc8 18.Rae1 Nd6 19.Nb1 Nf7 20.Nbd2 e5 21.fxe5 Nfxe5 22.
Nxe5 Nxe5 23.Rxf6 Rxf6 24.Bxe5 d4 25.cxd4 cxd4 26.Bxb7 Qxb7 27.Ne4 Rfe6 
28.Bxd4 Qd5 29.Qf2 Rf8 30.Nf6+ Rexf6 31.Bxf6 Qxd3 32.Rf1 Qxh3 33.Qf3 Qh6 
34.Qd5+ Rf7 35.Bd4 Qf8 36.Rxf7 Qxf7 37.Qa8+ Qf8 38.Qxa7 h5 1-0

[Event "46th Bosna it"]
[Site "Sarajevo BIH"]
[Date "2016.05.31"]
[Round "6.15"]
[White "Trkulja, Goran"]
[Black "Tica, Sven"]
[Result "1-0"]
[WhiteElo "2320"]
[BlackElo "2188"]
[EventDate "2016.05.28"]
[PlyCount "65"]

1.Nf3 d5 2.c4 e6 3.e3 Nf6 4.Qc2 c6 5.d4 Nbd7 6.Nc3 Bd6 7.g4 h6 8.Rg1 Qe7 
9.h4 g6 10.Bd2 b6 11.g5 hxg5 12.hxg5 Nh5 13.O-O-O Bb7 14.Kb1 Bb4 15.a3 
Bxc3 16.Bxc3 O-O-O 17.cxd5 exd5 18.Bh3 Ng7 19.Bxd7+ Qxd7 20.Ne5 Qe6 21.Rc1
Rh2 22.Be1 Kc7 23.Qa4 a6 24.Rc2 Rc8 25.Bb4 Kb8 26.Rgc1 c5 27.dxc5 b5 28.
Qa5 Qxe5 29.c6 Qf5 30.Ka2 d4 31.Bd6+ Ka7 32.cxb7 Qd5+ 33.Ka1 1-0

[Event "46th Bosna it"]
[Site "Sarajevo BIH"]
[Date "2016.05.31"]
[Round "6.16"]
[White "Sesar, Ivan"]
[Black "Jakovljevic, Vlado"]
[Result "1/2-1/2"]
[WhiteElo "2077"]
[BlackElo "2395"]
[EventDate "2016.05.28"]
[PlyCount "129"]

1.d4 d5 2.Nf3 Nf6 3.c4 e6 4.g3 Be7 5.Bg2 O-O 6.O-O c5 7.cxd5 exd5 8.Bg5 
Nc6 9.Nc3 cxd4 10.Nxd4 h6 11.Bxf6 Bxf6 12.e3 Nxd4 13.exd4 Be6 14.Qd2 Rc8 
15.Rfd1 Rc4 16.Ne2 Qb6 17.b3 Rb4 18.Rac1 Rd8 19.h3 Rd6 20.Kh2 Rc6 21.Rc3 
a5 22.f4 Qa6 23.Qd3 Qxd3 24.Rdxd3 Rxc3 25.Nxc3 Rxd4 26.Rxd4 Bxd4 27.Nxd5 
Kf8 28.g4 Bc5 29.Be4 Bc8 30.Kg3 b6 31.Kf3 Ba6 32.h4 Bc8 33.f5 Bd4 34.Bd3 
Bb7 35.Be4 Bc5 36.Nc7 Bc8 37.Bc6 Ke7 38.Be4 Bd7 39.Nd5+ Kd6 40.Nf4 Bd4 41.
Nd3 Bf6 42.h5 Bd4 43.Bb7 Bc3 44.Ke4 Be8 45.Nf4 Bf6 46.Bd5 Bg5 47.Nh3 Bd8 
48.Nf4 Bf6 49.Bb7 b5 50.Bd5 b4 51.Bb7 Be5 52.Nd3 Bc3 53.Nf4 a4 54.Nd5 axb3
55.axb3 Bb5 56.Nf4 Bd2 57.Nd3 Bc3 58.Nf4 Bd2 59.Nd3 f6 60.Kd4 Be8 61.Bd5 
Bb5 62.Bb7 Bc3+ 63.Ke4 Bd2 64.Kd4 Bc3+ 65.Ke4 1/2-1/2

[Event "46th Bosna it"]
[Site "Sarajevo BIH"]
[Date "2016.05.31"]
[Round "6.17"]
[White "Plenca, Jadranko"]
[Black "Sadikovic, Jasmin"]
[Result "1-0"]
[WhiteElo "2390"]
[BlackElo "2106"]
[EventDate "2016.05.28"]
[PlyCount "59"]

1.e4 c5 2.Nf3 a6 3.c3 d5 4.exd5 Qxd5 5.d4 cxd4 6.cxd4 e6 7.Nc3 Bb4 8.Bd3 
Nf6 9.O-O Qd6 10.Bg5 Bxc3 11.bxc3 Nbd7 12.Re1 O-O 13.Ne5 h6 14.Bf4 Nd5 15.
Bxh6 gxh6 16.Qg4+ Kh8 17.Qh4 Kg7 18.Qg3+ Kf6 19.c4 Ke7 20.cxd5 Qxd5 21.
Qh4+ Ke8 22.Bc4 Qd6 23.Nxf7 Kxf7 24.Rxe6 Qxe6 25.Bxe6+ Kxe6 26.Re1+ Kd6 
27.Qg3+ Kc6 28.Re6+ Kb5 29.Qb3+ Ka5 30.a3 1-0

[Event "46th Bosna it"]
[Site "Sarajevo BIH"]
[Date "2016.05.31"]
[Round "6.18"]
[White "Burovic, Ismet"]
[Black "Slamar, Velimir"]
[Result "1/2-1/2"]
[WhiteElo "2377"]
[BlackElo "2115"]
[EventDate "2016.05.28"]
[PlyCount "120"]

1.e4 c6 2.d3 d5 3.Nd2 g6 4.Ngf3 Bg7 5.c3 Nf6 6.e5 Nfd7 7.Qe2 e6 8.Nb3 a5 
9.Bf4 c5 10.d4 c4 11.Nbd2 Nc6 12.Qe3 Ne7 13.Bg5 h6 14.Bxe7 Qxe7 15.h4 b5 
16.a3 Nb6 17.Be2 Bd7 18.O-O O-O 19.h5 g5 20.Nh2 Na4 21.Rab1 b4 22.axb4 
axb4 23.Ng4 Rab8 24.f4 bxc3 25.bxc3 Rxb1 26.Nxb1 gxf4 27.Rxf4 Rb8 28.Nd2 
Qg5 29.Nf6+ Bxf6 30.exf6 e5 31.dxe5 Nxc3 32.Bf3 Re8 33.Qxc3 Qxf4 34.Bxd5 
Rxe5 35.Bxc4 Re3 36.Qc2 Bf5 37.Qa2 Be6 38.Qa8+ Kh7 39.Qf8 Re1+ 40.Nf1 Qxf6
41.Bd3+ Bf5 42.Qb4 Rd1 43.Be2 Rb1 44.Qf4 Kg7 45.Kh2 Be6 46.Qg3+ Kh8 47.Bd3
Rb3 48.Qd6 Kg7 49.Ng3 Bg4 50.Qd5 Ra3 51.Qe4 Qh4+ 52.Kg1 Ra1+ 53.Nf1 Kf8 
54.Qb4+ Kg8 55.Be2 Rxf1+ 56.Bxf1 Qxh5 57.Qb8+ Kg7 58.Qb2+ f6 59.Qb7+ Qf7 
60.Qxf7+ Kxf7 1/2-1/2

[Event "46th Bosna it"]
[Site "Sarajevo BIH"]
[Date "2016.05.31"]
[Round "6.19"]
[White "Vajic, Goran"]
[Black "Bucevac, Ljubisa"]
[Result "1-0"]
[WhiteElo "2299"]
[BlackElo "2080"]
[EventDate "2016.05.28"]
[PlyCount "97"]

1.e4 e5 2.Nf3 Nc6 3.d4 exd4 4.Bc4 Nf6 5.e5 Ne4 6.Bd5 Nc5 7.O-O Be7 8.Nbd2 
O-O 9.Nb3 Nb4 10.Nxc5 Nxd5 11.Qxd4 c6 12.Ne4 f6 13.c4 fxe5 14.Nxe5 Nb4 15.
c5 Nd5 16.Nc3 Nxc3 17.Qxc3 d6 18.Qb3+ d5 19.Be3 Qc7 20.Bd4 Rf4 21.Nf3 Bf6 
22.Bxf6 Rxf6 23.Rfe1 Bg4 24.Ne5 Bf5 25.Re3 Re8 26.Rae1 Rfe6 27.Nf3 h6 28.
Nd4 Rxe3 29.Rxe3 Rf8 30.Qc3 Rf7 31.Re8+ Kh7 32.Qe3 Qd7 33.f3 b6 34.b4 bxc5
35.bxc5 Qb7 36.Qb3 Bg6 37.Qxb7 Rxb7 38.Rc8 Rb1+ 39.Kf2 Rb2+ 40.Ke3 Rxa2 
41.Rxc6 Ra3+ 42.Kf4 Bd3 43.Rc8 Rc3 44.Ke5 a5 45.c6 a4 46.Ra8 a3 47.Kd6 Bb1
48.c7 a2 49.Nc6 1-0

[Event "46th Bosna it"]
[Site "Sarajevo BIH"]
[Date "2016.05.31"]
[Round "6.20"]
[White "Kolaric, Spela"]
[Black "Durakovic, Alman"]
[Result "0-1"]
[WhiteElo "2116"]
[BlackElo "2292"]
[EventDate "2016.05.28"]
[PlyCount "164"]

1.d4 Nf6 2.c4 e6 3.g3 c5 4.d5 exd5 5.cxd5 b5 6.Bg2 d6 7.b4 Nbd7 8.bxc5 
dxc5 9.Bb2 Bd6 10.e3 O-O 11.Ne2 Nb6 12.O-O Ng4 13.Nbc3 Nc4 14.Bc1 Rb8 15.
Rb1 b4 16.Ne4 Bf5 17.h3 Bxe4 18.Bxe4 Nf6 19.Bg2 Re8 20.Qc2 Nb6 21.e4 Qe7 
22.Bf4 Bxf4 23.Nxf4 c4 24.Rfe1 Nfxd5 25.Nxd5 Nxd5 26.Qxc4 Nc3 27.Rb2 a5 
28.Kh2 Rec8 29.Qd4 Rd8 30.Qc4 Rbc8 31.Qa6 Qe5 32.f4 Qc5 33.e5 Nd1 34.Rbe2 
Nc3 35.Rb2 Qb5 36.Qxb5 Nxb5 37.e6 fxe6 38.Rxe6 Rd6 39.Re5 Rb8 40.Bf1 Rdb6 
41.Bc4+ Kh8 42.Rd2 Nd6 43.Red5 Nb7 44.Bb3 g6 45.Re5 Rc8 46.g4 Nc5 47.Rc2 
Rbc6 48.Bd5 R6c7 49.Rc4 a4 50.g5 b3 51.axb3 axb3 52.Re2 Rd8 53.Rxc5 Rxc5 
54.Bxb3 Rc3 55.Ba2 Rf3 56.Be6 Re8 57.Re4 Rf8 58.Bg4 R3xf4 59.Re7 R4f7 60.
Re6 Ra7 61.Kg3 Rb8 62.Rc6 Kg7 63.Kh4 Rbb7 64.Rc8 Rb5 65.Be6 Ra4+ 66.Bg4 
Rf4 67.Ra8 Rf8 68.Ra7+ Rf7 69.Ra8 h6 70.gxh6+ Kxh6 71.Ra6 Rc7 72.Rd6 Rbc5 
73.Re6 Ra7 74.Rd6 Ra4 75.Rb6 Rh5+ 76.Kg3 Ra3+ 77.Kf4 Rc5 78.Rd6 Rc4+ 79.
Ke5 Re3+ 80.Kd5 Rd3+ 81.Kxc4 Rxd6 82.Kc3 Kg5 0-1

[Event "46th Bosna it"]
[Site "Sarajevo BIH"]
[Date "2016.05.31"]
[Round "6.21"]
[White "Kvisvik, Brede"]
[Black "Strinic, Halid"]
[Result "1-0"]
[WhiteElo "2287"]
[BlackElo "2073"]
[EventDate "2016.05.28"]
[PlyCount "115"]

1.d4 d5 2.c4 c6 3.Nf3 Nf6 4.Nc3 a6 5.a4 e6 6.g3 Bb4 7.Bg2 Ne4 8.Bd2 Nxd2 
9.Nxd2 O-O 10.O-O Nd7 11.e4 dxe4 12.Ndxe4 Nf6 13.Nxf6+ Qxf6 14.Ne4 Qd8 15.
c5 Ba5 16.Nd6 Bc7 17.Nc4 a5 18.Ra3 Qe7 19.Re1 Rd8 20.Rd3 Qf6 21.Qd2 Bd7 
22.Rd1 Be8 23.Qe1 Qe7 24.Qe3 Qf6 25.R1d2 h6 26.Rb3 Ra7 27.h4 Qf5 28.Be4 
Qf6 29.Bf3 Bd7 30.Kg2 Bc8 31.Rbd3 Ra8 32.Qe2 Rb8 33.b3 Bd7 34.Ne5 Be8 35.
Qe3 Qe7 36.Nc4 Qf6 37.Rd1 Rd7 38.Qe1 Ra8 39.Ne5 Rdd8 40.Nc4 Bd7 41.b4 axb4
42.Qxb4 Ra7 43.a5 Rda8 44.Ra3 Be8 45.Nb6 Rd8 46.Qc4 g5 47.hxg5 hxg5 48.Ra4
Qf5 49.Qe2 Bd7 50.Be4 Qf6 51.Qh5 Be8 52.Rh1 Rxd4 53.Qh7+ Kf8 54.Qh8+ Qxh8 
55.Rxh8+ Kg7 56.Rh7+ Kg8 57.Rxd4 Rxa5 58.Nd7 1-0

[Event "46th Bosna it"]
[Site "Sarajevo BIH"]
[Date "2016.05.31"]
[Round "6.22"]
[White "Obad, Andrija"]
[Black "Kozarcanin, Sead"]
[Result "1-0"]
[WhiteElo "2279"]
[BlackElo "2053"]
[EventDate "2016.05.28"]
[PlyCount "45"]

1.e4 e5 2.Nf3 Qe7 3.Bc4 d6 4.O-O Be6 5.Bxe6 Qxe6 6.d4 Nd7 7.Nc3 O-O-O 8.
Be3 exd4 9.Qxd4 Nb6 10.Ng5 Qe8 11.a4 c5 12.Qd3 h6 13.a5 Na8 14.a6 b6 15.
Qd5 Nc7 16.Qb7+ Kd7 17.Nb5 hxg5 18.Nxc7 Qe5 19.f4 gxf4 20.Bxf4 Qd4+ 21.Kh1
Qxb2 22.Be5 Qxe5 23.Ne8+ 1-0

[Event "46th Bosna it"]
[Site "Sarajevo BIH"]
[Date "2016.05.31"]
[Round "6.23"]
[White "Mrndjic, Armin"]
[Black "Pasalic, Harun"]
[Result "1-0"]
[WhiteElo "2112"]
[BlackElo "2253"]
[EventDate "2016.05.28"]
[PlyCount "119"]

1.e4 c5 2.Nf3 d6 3.d4 cxd4 4.Nxd4 Nf6 5.Nc3 e5 6.Bb5+ Nbd7 7.Nf5 a6 8.Ba4 
b5 9.Bb3 Nc5 10.Bg5 Be6 11.Qf3 h6 12.Bxf6 Qxf6 13.Nd5 Qd8 14.O-O g6 15.Ng3
Bg7 16.Rad1 O-O 17.Ne3 h5 18.h3 Rc8 19.Nd5 a5 20.c3 a4 21.Bc2 Bxd5 22.Rxd5
Qc7 23.Rfd1 Rfd8 24.a3 Bf8 25.Bb1 Rb8 26.Ba2 Rb7 27.Qe2 Ne6 28.Qf1 Rdb8 
29.R5d3 Nc5 30.Rf3 Qd8 31.Bd5 Rc7 32.Qe2 Bh6 33.Nf1 Kg7 34.Ne3 Qh4 35.Nc2 
Qe7 36.Nb4 Qe8 37.Ba2 Qd8 38.c4 bxc4 39.Bxc4 Rb6 40.Nd5 Rcb7 41.Nxb6 Qxb6 
42.Bd5 Ra7 43.Qc4 f6 44.Qb4 Qc7 45.Qb5 Qd8 46.Rc3 Kh7 47.Rc4 Bg7 48.Rb4 
Rc7 49.Qb6 Nd7 50.Qa5 Nc5 51.Rb5 Qc8 52.Qb4 Qa6 53.Rb6 Qa7 54.Rxd6 Nd3 55.
Bg8+ Kxg8 56.R6xd3 Rc2 57.R3d2 Bf8 58.Qb5 Rxd2 59.Rxd2 Kg7 60.Rd7+ 1-0

[Event "46th Bosna it"]
[Site "Sarajevo BIH"]
[Date "2016.05.31"]
[Round "6.25"]
[White "Petrovic, Marija"]
[Black "Bandic, Adnan"]
[Result "1/2-1/2"]
[WhiteElo "2055"]
[BlackElo "2218"]
[EventDate "2016.05.28"]
[PlyCount "89"]

1.d4 d5 2.g3 c6 3.Bg2 e6 4.c4 Be7 5.Qc2 f5 6.Nh3 Nf6 7.Nd2 Qb6 8.e3 O-O 9.
O-O a5 10.b3 Na6 11.a3 Bd7 12.Nf3 Qd8 13.Ne5 Be8 14.Nf4 Nc7 15.Bb2 Nd7 16.
Nxd7 Qxd7 17.Nd3 Bh5 18.Ne5 Qd8 19.Bc3 Ne8 20.b4 axb4 21.axb4 Nf6 22.c5 
Qc7 23.Rfb1 Ng4 24.Nd3 g5 25.Rxa8 Rxa8 26.Ra1 Rxa1+ 27.Bxa1 Bf6 28.Qa4 Nh6
29.f3 Nf7 30.b5 Kg7 31.b6 Qe7 32.h3 e5 33.dxe5 Nxe5 34.Nxe5 Bxe5 35.Bxe5+ 
Qxe5 36.Qd4 Qxd4 37.exd4 Bf7 38.Bf1 Be6 39.f4 gxf4 40.gxf4 Bd7 41.Be2 Kg6 
42.Kf2 Kf6 43.Kg3 Bc8 44.Kh4 Bd7 45.Bf3 1/2-1/2

[Event "46th Bosna it"]
[Site "Sarajevo BIH"]
[Date "2016.05.31"]
[Round "6.26"]
[White "Musovic, Armin"]
[Black "Sabic, Muris"]
[Result "1-0"]
[WhiteElo "2203"]
[BlackElo "1971"]
[EventDate "2016.05.28"]
[PlyCount "57"]

1.a3 e5 2.Nc3 d5 3.d4 e4 4.Bf4 Be7 5.f3 f5 6.Qd2 Nf6 7.e3 O-O 8.Nh3 c6 9.
Be2 Qe8 10.Be5 Nbd7 11.Nf4 Nb6 12.fxe4 fxe4 13.O-O Ng4 14.Bxg4 Bxg4 15.Qf2
g6 16.Qg3 Bf5 17.Nh5 Qd8 18.Ng7 Bh4 19.Nxf5 Rxf5 20.Qh3 Rxe5 21.dxe5 Qe7 
22.e6 Re8 23.Rf4 g5 24.Rf5 Nc4 25.Raf1 Qc5 26.Nxe4 Qxe3+ 27.Qxe3 Nxe3 28.
Nf6+ Kh8 29.Nxe8 1-0

[Event "46th Bosna it"]
[Site "Sarajevo BIH"]
[Date "2016.05.31"]
[Round "6.27"]
[White "Sitnic, Adnan"]
[Black "Kamberovic, Senad"]
[Result "0-1"]
[WhiteElo "2046"]
[BlackElo "2179"]
[EventDate "2016.05.28"]
[PlyCount "130"]

1.e4 e5 2.Bc4 Nc6 3.Nf3 d6 4.c3 Qe7 5.O-O Be6 6.Bxe6 fxe6 7.d4 O-O-O 8.d5 
exd5 9.exd5 Nb8 10.Qa4 a6 11.Ng5 Nf6 12.c4 Qd7 13.Qb3 Re8 14.Ne6 h6 15.f4 
exf4 16.Bxf4 Nh5 17.Bd2 g5 18.Qf3 Ng7 19.Nxf8 Rhxf8 20.Qxf8 Rxf8 21.Rxf8+ 
Ne8 22.Nc3 Qe7 23.Raf1 Nd7 24.Rg8 Nf6 25.Rxf6 Qxf6 26.Rxe8+ Kd7 27.Re4 b5 
28.cxb5 axb5 29.b3 Qf5 30.a4 b4 31.Rxb4 Qd3 32.Ne4 Kd8 33.a5 c5 34.dxc6 d5
35.Bc3 Qe3+ 36.Kf1 dxe4 37.Rc4 Qd3+ 38.Ke1 Qb1+ 39.Ke2 Qa2+ 40.Ke3 Qxb3 
41.Kd4 e3 42.Rb4 Qa3 43.Rb2 Qd6+ 44.Kxe3 Qxc6 45.Bb4 Qe6+ 46.Kd3 Qd5+ 47.
Kc3 Qe5+ 48.Kb3 Qxh2 49.Rd2+ Kc8 50.Rc2+ Kb7 51.Re2 Qg3+ 52.Ka4 Qg4 53.Rd2
h5 54.Rd6 Qxg2 55.a6+ Kc7 56.Rh6 Qc2+ 57.Kb5 h4 58.Ba5+ Kd7 59.a7 Qd3+ 60.
Kb6 Qe3+ 61.Kb7 Qf3+ 62.Ka6 Qd3+ 63.Kb6 Qd4+ 64.Ka6 h3 65.Rxh3 Qc4+ 0-1

[Event "46th Bosna it"]
[Site "Sarajevo BIH"]
[Date "2016.05.31"]
[Round "6.28"]
[White "Mesic, Vehid"]
[Black "Terzic, Ilijas"]
[Result "1/2-1/2"]
[WhiteElo "2038"]
[BlackElo "2165"]
[EventDate "2016.05.28"]
[PlyCount "48"]

1.e4 e5 2.Nf3 Nc6 3.Bc4 Bc5 4.b4 Bxb4 5.c3 Be7 6.Qb3 Nh6 7.d4 O-O 8.Bxh6 
gxh6 9.Nxe5 Nxe5 10.dxe5 Bc5 11.Nd2 Qg5 12.O-O-O b5 13.Qxb5 d6 14.Kc2 Qxe5
15.f4 Qxf4 16.Rhf1 Qe5 17.Bd5 a6 18.Qe2 Rb8 19.Nc4 Qg5 20.Rxf7 Rxf7 21.Rf1
Bb7 22.Bxf7+ Kh8 23.Rf3 Qe7 24.Nd2 Rf8 1/2-1/2

[Event "46th Bosna it"]
[Site "Sarajevo BIH"]
[Date "2016.05.31"]
[Round "6.29"]
[White "Sinanovic, Ermin"]
[Black "Janjic, Nikola"]
[Result "1-0"]
[WhiteElo "2153"]
[BlackElo "1827"]
[EventDate "2016.05.28"]
[PlyCount "65"]

1.d4 d5 2.Nf3 Nf6 3.c4 c6 4.Nc3 g6 5.Bf4 Bg7 6.e3 O-O 7.Rc1 Bg4 8.h3 Bxf3 
9.Qxf3 e6 10.Bd3 Nbd7 11.O-O Re8 12.cxd5 exd5 13.b4 Qe7 14.b5 Ne4 15.bxc6 
bxc6 16.Bxe4 dxe4 17.Qe2 Nb6 18.a4 Qb4 19.Qa2 Qa5 20.Qd2 c5 21.dxc5 Bxc3 
22.Qxc3 Qxc3 23.Rxc3 Nxa4 24.Rc2 Rac8 25.Rfc1 Rc6 26.Kf1 Rec8 27.Bd6 f5 
28.f3 exf3 29.gxf3 Kf7 30.Rc4 Nb6 31.cxb6 Rxc4 32.Rxc4 Rxc4 33.b7 1-0

[Event "46th Bosna it"]
[Site "Sarajevo BIH"]
[Date "2016.05.31"]
[Round "6.30"]
[White "Jovovic, Milan"]
[Black "Zildzic, Kenan"]
[Result "0-1"]
[WhiteElo "1991"]
[BlackElo "2135"]
[EventDate "2016.05.28"]
[PlyCount "46"]

1.d4 Nf6 2.c4 g6 3.Nc3 Bg7 4.Nf3 O-O 5.Bf4 d6 6.h3 Nc6 7.e3 Re8 8.Be2 e6 
9.O-O Bd7 10.d5 Ne7 11.e4 e5 12.Bg5 h6 13.Be3 Kh7 14.Nd2 c5 15.f4 exf4 16.
Bxf4 Nc8 17.Qc2 Re7 18.Rae1 Be8 19.Kh1 Nd7 20.Nf3 Ne5 21.Qd2 Rb8 22.Nxe5 
dxe5 23.Be3 Nd6 0-1

[Event "46th Bosna it"]
[Site "Sarajevo BIH"]
[Date "2016.05.31"]
[Round "6.31"]
[White "Pestek, Elvis"]
[Black "Batricevic, Sasa"]
[Result "1/2-1/2"]
[WhiteElo "2003"]
[BlackElo "2296"]
[EventDate "2016.05.28"]
[PlyCount "21"]

1.e4 e5 2.Nf3 Nc6 3.Bb5 g6 4.O-O Bg7 5.Nc3 Nge7 6.d3 O-O 7.a3 d6 8.Bc4 Bg4
9.h3 Bxf3 10.Qxf3 Kh8 11.Qd1 1/2-1/2

[Event "46th Bosna it"]
[Site "Sarajevo BIH"]
[Date "2016.05.31"]
[Round "6.32"]
[White "Vea, Odin Blikra"]
[Black "Markovic, Dino"]
[Result "1-0"]
[WhiteElo "2288"]
[BlackElo "2013"]
[EventDate "2016.05.28"]
[PlyCount "61"]

1.e4 c5 2.Nf3 e6 3.g3 b6 4.Bg2 Bb7 5.Nc3 d6 6.O-O Nd7 7.d4 cxd4 8.Qxd4 a6 
9.a4 Ngf6 10.Be3 Be7 11.Rad1 Qc7 12.h3 O-O 13.g4 Rfd8 14.g5 Ne8 15.h4 Bf8 
16.h5 Nc5 17.g6 hxg6 18.hxg6 fxg6 19.b4 Nd7 20.Bh3 Be7 21.Bxe6+ Kf8 22.Nd5
Bxd5 23.exd5 Ne5 24.Nxe5 dxe5 25.Qe4 Bf6 26.Qxg6 Nd6 27.Kg2 Rab8 28.Rh1 
Qc4 29.Rd4 exd4 30.Bg5 Bxg5 31.Rh8+ 1-0

[Event "46th Bosna it"]
[Site "Sarajevo BIH"]
[Date "2016.05.31"]
[Round "6.33"]
[White "Injac, Teodora"]
[Black "Hadziselimovic, Bernardina"]
[Result "1/2-1/2"]
[WhiteElo "2185"]
[BlackElo "1948"]
[EventDate "2016.05.28"]
[PlyCount "158"]

1.d4 Nf6 2.Nf3 g6 3.c4 c5 4.Nc3 cxd4 5.Nxd4 Nc6 6.e4 d6 7.Be2 Bg7 8.Be3 
O-O 9.O-O Bd7 10.Qd2 Nxd4 11.Bxd4 Bc6 12.f3 Nd7 13.Be3 a5 14.b3 Nc5 15.
Rac1 Re8 16.Rfd1 Rc8 17.Bf1 b6 18.Nd5 Rb8 19.Qf2 Qc8 20.Qh4 Qb7 21.Bg5 Bf8
22.Kh1 Ne6 23.Be3 Nc5 24.Re1 Bg7 25.Bg5 Bf8 26.Rcd1 Ne6 27.Be3 Nc5 28.Bd4 
Bg7 29.Bxg7 Kxg7 30.f4 f6 31.Re3 Nd7 32.Rh3 Nf8 33.Qh6+ Kf7 34.Qh4 Qd7 35.
f5 Bxd5 36.cxd5 Rec8 37.a4 Qc7 38.Bc4 Qc5 39.Qg4 Qf2 40.Rf3 Qc2 41.Rdf1 
Rxc4 42.bxc4 Qxc4 43.h4 b5 44.fxg6+ hxg6 45.Rf4 bxa4 46.h5 Kg7 47.e5 Qxd5 
48.exf6+ exf6 49.hxg6 Nxg6 50.Rxf6 Rh8+ 51.Kg1 Qc5+ 52.R6f2 Rh4 53.Qd7+ 
Kh6 54.Qf5 Qb6 55.g3 Rh5 56.Qf3 Qb3 57.Kg2 Qe6 58.Rh1 Rxh1 59.Kxh1 Qb3 60.
Qf6 Qb1+ 61.Rf1 Qe4+ 62.Qf3 Qe6 63.Kg2 Qa2+ 64.Qf2 Qd5+ 65.Qf3 Ne7 66.Ra1 
Qd2+ 67.Qf2 Qd5+ 68.Qf3 Qd2+ 69.Kh3 Qd4 70.Rd1 Qe5 71.Qf8+ Kg6 72.Qe8+ Kg7
73.Qxa4 Qh5+ 74.Qh4 Qxd1 75.Qxe7+ Kg8 76.Qg5+ Kf7 77.Qxa5 Qh1+ 78.Kg4 Qe4+
79.Kh3 Qh1+ 1/2-1/2

[Event "46th Bosna it"]
[Site "Sarajevo BIH"]
[Date "2016.05.31"]
[Round "6.34"]
[White "Musovic, Sabrija"]
[Black "Bucan, Eldin"]
[Result "1-0"]
[WhiteElo "2025"]
[BlackElo "2179"]
[EventDate "2016.05.28"]
[PlyCount "119"]

1.e4 c5 2.Nf3 d6 3.d4 cxd4 4.Nxd4 Nf6 5.Nc3 a6 6.Bg5 Nbd7 7.f4 Qc7 8.Qf3 
h6 9.Bxf6 Nxf6 10.f5 b5 11.O-O-O Bb7 12.Kb1 Qc5 13.Bd3 Nd7 14.Nb3 Qb6 15.
Nd5 Bxd5 16.exd5 Ne5 17.Qe4 O-O-O 18.a4 Kd7 19.a5 Qb8 20.Rhe1 Rc8 21.Re2 
h5 22.h4 Rh6 23.Rde1 Qc7 24.g3 Rf6 25.Re3 Qd8 26.Be2 Rh6 27.Qb4 Qc7 28.Rc3
Qb7 29.Rxc8 Kxc8 30.Qd4 g6 31.fxg6 Rxg6 32.Bxh5 Rxg3 33.Rg1 Rg7 34.Rc1 Kb8
35.Be2 Rg8 36.Rh1 Bh6 37.Qe4 Rg6 38.h5 Rg7 39.Qd4 Rg5 40.Nc1 Qa7 41.Nb3 
Qxd4 42.Nxd4 Ka7 43.b3 Rg2 44.c4 Be3 45.Bf1 Rf2 46.Nc2 Bh6 47.cxb5 axb5 
48.Bxb5 Nf3 49.Bd3 e5 50.Kb2 Bg7 51.h6 Bh8 52.Ka3 Rd2 53.Nb4 Ng5 54.Rg1 f6
55.Rc1 Kb7 56.Ba6+ Kb8 57.Rc8+ Ka7 58.Rxh8 Rd1 59.Ka4 Ne4 60.Rh7+ 1-0

[Event "46th Bosna it"]
[Site "Sarajevo BIH"]
[Date "2016.05.31"]
[Round "6.35"]
[White "Lakovic, Igor"]
[Black "Maksimovic, Bojan"]
[Result "1/2-1/2"]
[WhiteElo "1944"]
[BlackElo "2161"]
[EventDate "2016.05.28"]
[PlyCount "112"]

1.d4 Nf6 2.c4 c5 3.d5 b5 4.Qc2 Bb7 5.e4 bxc4 6.Bxc4 e6 7.Nc3 exd5 8.exd5 
d6 9.Nf3 Be7 10.O-O O-O 11.Re1 Nbd7 12.h3 Nb6 13.Qd3 Nxc4 14.Qxc4 Nd7 15.
Bf4 Nb6 16.Qe4 Bf6 17.Rad1 Qd7 18.Qc2 h6 19.Ne4 Be7 20.Nc3 Rfe8 21.b3 Bf6 
22.Ne4 Qf5 23.Bxd6 Bxd5 24.Nxf6+ Qxf6 25.Be5 Qc6 26.Qc3 Re6 27.Bg3 Rae8 
28.Rxe6 Rxe6 29.Re1 Rxe1+ 30.Nxe1 c4 31.bxc4 Bxc4 32.Nc2 Qe4 33.a3 Nd5 34.
Qd2 Nf6 35.Ne3 Be6 36.Qd6 Kh7 37.Qc5 Qb7 38.Qc2+ Kg8 39.Qc7 Qa6 40.Qd6 Qa4
41.Qd8+ Kh7 42.Qd3+ Qe4 43.Qxe4+ Nxe4 44.Be5 a6 45.Bd4 g5 46.Nd1 Kg6 47.
Nc3 Nd2 48.Be3 Nc4 49.Bc5 Kf5 50.Kf1 Na5 51.f3 Bc4+ 52.Kf2 h5 53.g4+ hxg4 
54.hxg4+ Ke6 55.Ke3 Nc6 56.Ne4 f6 1/2-1/2

[Event "46th Bosna it"]
[Site "Sarajevo BIH"]
[Date "2016.05.31"]
[Round "6.36"]
[White "Schettler, Juergen"]
[Black "Stanivukovic, Drago"]
[Result "1-0"]
[WhiteElo "2139"]
[BlackElo "1890"]
[EventDate "2016.05.28"]
[PlyCount "105"]

1.Nf3 g6 2.c4 Bg7 3.Nc3 d6 4.g3 c5 5.Bg2 Nc6 6.d3 Nf6 7.O-O O-O 8.a3 e5 9.
Rb1 a5 10.Bg5 h6 11.Bxf6 Qxf6 12.Nd5 Qd8 13.Ne1 Be6 14.Nc2 Bxd5 15.Bxd5 
Rb8 16.b4 axb4 17.axb4 Ne7 18.Bg2 b6 19.Ne3 f5 20.Qc2 f4 21.Nd5 Nf5 22.
gxf4 exf4 23.bxc5 dxc5 24.e3 f3 25.Bxf3 Nh4 26.Bg2 Rf3 27.Bxf3 Qg5+ 28.Kh1
Nxf3 29.Rg1 Qh5 30.Rg2 g5 31.d4 cxd4 32.exd4 Re8 33.Qf5 Bxd4 34.Nf4 Qf7 
35.Qxf7+ Kxf7 36.Nd5 Re2 37.h3 Nh4 38.Nxb6 Nxg2 39.Kxg2 Rxf2+ 40.Kg3 Rc2 
41.Kf3 Rh2 42.Ke4 Bxb6 43.Rxb6 Rxh3 44.Ke5 Kg7 45.c5 Rc3 46.c6 h5 47.Kd6 
Rd3+ 48.Ke6 Kg6 49.c7 Rc3 50.Kd5+ Kf5 51.Rc6 Rxc6 52.Kxc6 g4 53.c8=Q+ 1-0

[Event "46th Bosna it"]
[Site "Sarajevo BIH"]
[Date "2016.05.31"]
[Round "6.37"]
[White "Alihodzic, Muzafer"]
[Black "Vujicic, Dragisa"]
[Result "0-1"]
[WhiteElo "2094"]
[BlackElo "1896"]
[EventDate "2016.05.28"]
[PlyCount "122"]

1.e4 e5 2.Nc3 Nf6 3.g3 Nc6 4.Bg2 Be7 5.Nge2 d6 6.h3 h6 7.O-O O-O 8.d3 Nh7 
9.f4 f5 10.Nd5 fxe4 11.Nxe7+ Qxe7 12.dxe4 Be6 13.b3 Qd7 14.Kh2 b5 15.a4 b4
16.Qd3 Kh8 17.Bb2 Qe8 18.Rf2 Rb8 19.Raf1 Qh5 20.f5 Bg8 21.g4 Qh4 22.Ng1 
Ng5 23.Qg3 Qxg3+ 24.Kxg3 Nd4 25.h4 Nh7 26.Nh3 Nf6 27.g5 Nd7 28.Bc1 Kh7 29.
Be3 c5 30.Rd1 a5 31.Bf1 Nb6 32.Bd3 Rbc8 33.h5 Rc7 34.Rdf1 Nd7 35.f6 gxf6 
36.gxh6 Be6 37.Ng5+ Kg8 38.Nxe6 Nxe6 39.Bc4 Kf7 40.h7 Ke7 41.Bb5 Rh8 42.
Bxd7 Rxd7 43.Rxf6 Rxh7 44.R6f5 Rd8 45.Kh4 Rdh8 46.Bg5+ Ke8 47.Bf6 Rg8 48.
Bg5 Rgh8 49.Bf6 Rg8 50.Rd1 Nd4 51.Rf2 Rf7 52.h6 Rg6 53.Rdf1 Rxh6+ 54.Kg5 
Rh3 55.Kg4 Re3 56.Rh1 Rxe4+ 57.Kg3 Ne2+ 58.Kg2 Rg4+ 59.Kf3 Rxf6+ 60.Kxe2 
Rxf2+ 61.Kxf2 Ke7 0-1